[Event "ST-2022-0-00215"]
[Site "LSS email"]
[Date "2022.03.10"]
[Round "?"]
[White "Khorunzhy, Mikhail"]
[Black "Cornel, Matei"]
[Result "1/2-1/2"]
[WhiteElo "2370"]
[BlackElo "2361"]
[PlyCount "60"]
[EventDate "2022.01.06"]
[EventType "tourn (corr)"]
[EventRounds "6"]
[EventCountry "GER"]
[SourceTitle "Corr 2024"]
[Source "ChessBase"]
[SourceDate "2023.10.19"]
[SourceVersion "1"]
[SourceVersionDate "2023.10.19"]
[SourceQuality "1"]

1. e4 e5 2. Nf3 Nc6 3. Bb5 a6 4. Ba4 Nf6 5. 0-0 Be7 6. Re1 b5 7. Bb3 0-0 8. c3 d5 9. exd5 Nxd5 10. Nxe5 Nxe5 11. Rxe5 c6 12. d3 Bd6 13. Re1 Bf5 14. Qf3 Qh4 15. g3 Qh3 16. Be3 Bxd3 17. Nd2 Bf5 18. Bxd5 cxd5 19. Qxd5 Rfd8 20. Qg2 Qxg2+ 21. Kxg2 b4 22. cxb4 Bxb4 23. Red1 Rac8 24. Nb3 Rxd1 25. Rxd1 Be6 26. Rc1 Rb8 27. Rc2 h5 28. Nc1 Bf5 29. Rc4 g6 30. Ba7 Be6 1/2-1/2

[Event "ST-2022-0-00215"]
[Site "LSS email"]
[Date "2022.03.09"]
[Round "?"]
[White "Rita, Giacomo"]
[Black "Cornel, Matei"]
[Result "1/2-1/2"]
[WhiteElo "2434"]
[BlackElo "2361"]
[PlyCount "76"]
[EventDate "2022.01.06"]
[EventType "tourn (corr)"]
[EventRounds "6"]
[EventCountry "GER"]
[SourceTitle "Corr 2024"]
[Source "ChessBase"]
[SourceDate "2023.10.19"]
[SourceVersion "1"]
[SourceVersionDate "2023.10.19"]
[SourceQuality "1"]

1. e4 e5 2. Nf3 Nc6 3. Bb5 a6 4. Ba4 Nf6 5. 0-0 Be7 6. Re1 b5 7. Bb3 0-0 8. c3 d5 9. exd5 Nxd5 10. Nxe5 Nxe5 11. Rxe5 c6 12. d3 Bd6 13. Re1 Bf5 14. Qf3 Qh4 15. g3 Qh3 16. Be3 Bxd3 17. Nd2 Bf5 18. Bxd5 cxd5 19. Qxd5 Rfd8 20. Qg2 Qxg2+ 21. Kxg2 b4 22. cxb4 Bxb4 23. Red1 Rac8 24. Nb3 Rxd1 25. Rxd1 Be6 26. Rc1 Rb8 27. Rc2 h6 28. Nc1 a5 29. a3 Be7 30. Ne2 a4 31. Nc3 Bf6 32. Bc5 Rc8 33. Bb4 Bd5+ 34. f3 Kh7 35. h4 Bb3 36. Rd2 Kg6 37. Nd5 Rc2 38. Rxc2 Bxc2 1/2-1/2

[Event "ST-2021-0-00207"]
[Site "LSS email"]
[Date "2021.11.21"]
[Round "?"]
[White "Willmann, Bernd"]
[Black "Cornel, Matei"]
[Result "1/2-1/2"]
[WhiteElo "2370"]
[BlackElo "2357"]
[PlyCount "47"]
[EventDate "2021.10.30"]
[EventType "tourn (corr)"]
[EventRounds "6"]
[EventCountry "GER"]
[SourceTitle "Corr 2024"]
[Source "ChessBase"]
[SourceDate "2023.10.19"]
[SourceVersion "1"]
[SourceVersionDate "2023.10.19"]
[SourceQuality "1"]

1. e4 e5 2. Nf3 Nc6 3. Bb5 a6 4. Ba4 Nf6 5. 0-0 Be7 6. Re1 b5 7. Bb3 0-0 8. c3 d5 9. exd5 Nxd5 10. Nxe5 Nxe5 11. Rxe5 c6 12. Re1 Bd6 13. d3 Bf5 14. Qf3 Qh4 15. g3 Qh3 16. Be3 Bxd3 17. Nd2 Qf5 18. Bd4 Rfe8 19. a4 Rxe1+ 20. Rxe1 Rd8 21. Qxf5 Bxf5 22. Ne4 Bxe4 23. Rxe4 Kf8 24. axb5 1/2-1/2

[Event "ST-2021-0-00204"]
[Site "LSS email"]
[Date "2021.11.08"]
[Round "?"]
[White "Cornel, Matei"]
[Black "Sorcinelli, Andrea"]
[Result "1/2-1/2"]
[WhiteElo "2357"]
[BlackElo "2366"]
[PlyCount "46"]
[EventDate "2021.09.30"]
[EventType "tourn (corr)"]
[EventRounds "6"]
[EventCountry "GER"]
[SourceTitle "Corr 2024"]
[Source "ChessBase"]
[SourceDate "2023.10.19"]
[SourceVersion "1"]
[SourceVersionDate "2023.10.19"]
[SourceQuality "1"]

1. d4 d5 2. c4 e6 3. Nf3 Nf6 4. Nc3 c5 5. cxd5 Nxd5 6. e4 Nxc3 7. bxc3 cxd4 8. cxd4 Bb4+ 9. Bd2 Bxd2+ 10. Qxd2 0-0 11. Bc4 Nd7 12. 0-0 b6 13. Rad1 Bb7 14. Rfe1 Nf6 15. d5 exd5 16. exd5 Qd6 17. Nd4 Qd7 18. Qf4 Nxd5 19. Nf5 Nxf4 20. Rxd7 Rab8 21. g3 Nh3+ 22. Kf1 Ng5 23. Nd6 Bc8 1/2-1/2

[Event "ZH-2021-0-01918"]
[Site "LSS email"]
[Date "2021.03.26"]
[Round "?"]
[White "Cornel, Matei"]
[Black "Enev, Zlatko"]
[Result "1/2-1/2"]
[WhiteElo "2345"]
[BlackElo "2390"]
[PlyCount "73"]
[EventDate "2021.03.26"]
[EventType "match (corr)"]
[EventRounds "2"]
[EventCountry "GER"]
[SourceTitle "Corr 2024"]
[Source "ChessBase"]
[SourceDate "2023.10.19"]
[SourceVersion "1"]
[SourceVersionDate "2023.10.19"]
[SourceQuality "1"]

1. d4 Nf6 2. c4 g6 3. Nc3 Bg7 4. e4 d6 5. Nf3 0-0 6. Be2 e5 7. 0-0 exd4 8. Nxd4 Re8 9. f3 c6 10. Kh1 d5 11. cxd5 cxd5 12. Bg5 Nc6 13. Bb5 h6 14. Nxc6 bxc6 15. Bxc6 hxg5 16. Bxa8 d4 17. Ne2 d3 18. Ng3 Ba6 19. Bc6 Re6 20. Qa4 Qb6 21. Bd5 Rd6 22. Bc4 Bxc4 23. Qxc4 Nd7 24. Qc8+ Kh7 25. f4 Qxb2 26. e5 Rd4 27. fxg5 d2 28. Ne2 Rd3 29. Rad1 Qxe5 30. Ng1 Qc5 31. Qxc5 Nxc5 32. Nf3 Ne4 33. Nxd2 Nc3 34. Rde1 Rxd2 35. Rxf7 Rxa2 36. g3 Kg8 37. Rfe7 1/2-1/2

[Event "WC-2020-S-00002"]
[Site "LSS email"]
[Date "2020.06.08"]
[Round "?"]
[White "Cornel, Matei"]
[Black "Bernal Varela, Nelson"]
[Result "1/2-1/2"]
[WhiteElo "2361"]
[BlackElo "2392"]
[PlyCount "61"]
[EventDate "2020.06.08"]
[EventType "tourn (corr)"]
[EventRounds "12"]
[EventCountry "GER"]
[SourceTitle "Corr 2024"]
[Source "ChessBase"]
[SourceDate "2023.10.19"]
[SourceVersion "1"]
[SourceVersionDate "2023.10.19"]
[SourceQuality "1"]

1. Nf3 e6 2. c4 d5 3. d4 c6 4. e3 Nd7 5. Bd3 Ngf6 6. b3 Bd6 7. Bb2 Ne4 8. 0-0 f5 9. Qc2 0-0 10. Ba3 Bxa3 11. Nxa3 Rf6 12. Rac1 Rh6 13. Qe2 Qe7 14. Nb1 g5 15. g3 b6 16. Nbd2 Bb7 17. Ne1 Kh8 18. Ng2 a5 19. Qe1 Nxd2 20. Qxd2 dxc4 21. Bxc4 Qg7 22. Rcd1 Rf8 23. f3 c5 24. dxc5 Nxc5 25. f4 Ne4 26. Qd7 Rg6 27. Qxg7+ Rxg7 28. Bxe6 Rc7 29. a4 Ba6 30. Rc1 Re7 31. Bc4 1/2-1/2

[Event "WC-2020-S-00002"]
[Site "LSS email"]
[Date "2020.06.08"]
[Round "?"]
[White "Cornel, Matei"]
[Black "Pascual Perez, Norge"]
[Result "1/2-1/2"]
[WhiteElo "2361"]
[BlackElo "2458"]
[PlyCount "93"]
[EventDate "2020.06.08"]
[EventType "tourn (corr)"]
[EventRounds "12"]
[EventCountry "GER"]
[SourceTitle "Corr 2024"]
[Source "ChessBase"]
[SourceDate "2023.10.19"]
[SourceVersion "1"]
[SourceVersionDate "2023.10.19"]
[SourceQuality "1"]

1. e4 c5 2. Nf3 d6 3. d4 cxd4 4. Nxd4 Nf6 5. Nc3 a6 6. Be3 e5 7. Nb3 Be6 8. f3 h5 9. Nd5 Bxd5 10. exd5 Nbd7 11. Qd2 g6 12. 0-0-0 Nb6 13. Qa5 Bh6 14. Bxh6 Rxh6 15. Qd2 Rh8 16. f4 Nbd7 17. Be2 Qb6 18. fxe5 dxe5 19. Rhf1 Ne4 20. Qe1 f5 21. Kb1 a5 22. Rf3 Kf7 23. h3 Kg7 24. Nd2 Nxd2+ 25. Qxd2 Qd6 26. a3 Nc5 27. Bb5 h4 28. Re3 Ne4 29. Qe1 Kf6 30. Rb3 Rh7 31. c4 Nc5 32. Re3 f4 33. Re2 a4 34. Qc3 Re7 35. Rde1 Kf5 36. Qf3 g5 37. Qg4+ Kg6 38. Qf3 Qf6 39. Ka2 Rd8 40. Re4 Qf5 41. Rd4 e4 42. Qd1 Nb3 43. Rd3 Qf6 44. Bxa4 Nc5 45. Rc3 e3 46. Bc2+ Kh6 47. Qe2 1/2-1/2

[Event "WC-2020-S-00002"]
[Site "LSS email"]
[Date "2020.06.08"]
[Round "?"]
[White "Wosch, Arkadiusz"]
[Black "Cornel, Matei"]
[Result "1/2-1/2"]
[WhiteElo "2383"]
[BlackElo "2361"]
[PlyCount "46"]
[EventDate "2020.06.08"]
[EventType "tourn (corr)"]
[EventRounds "12"]
[EventCountry "GER"]
[SourceTitle "Corr 2024"]
[Source "ChessBase"]
[SourceDate "2023.10.19"]
[SourceVersion "1"]
[SourceVersionDate "2023.10.19"]
[SourceQuality "1"]

1. e4 e5 2. Nf3 Nc6 3. Bc4 Bc5 4. c3 Nf6 5. d3 a6 6. Bb3 d6 7. 0-0 0-0 8. Nbd2 Re8 9. Re1 Be6 10. Bxe6 Rxe6 11. Nf1 d5 12. Qc2 h6 13. Be3 Bxe3 14. Nxe3 Qd7 15. Rad1 b5 16. h3 Rae8 17. exd5 Nxd5 18. Nxd5 Qxd5 19. b4 Rd8 20. a3 Ne7 21. c4 Qd6 22. d4 exd4 23. Rxe6 Qxe6 1/2-1/2

[Event "ST-2020-0-00145"]
[Site "LSS email"]
[Date "2020.04.30"]
[Round "?"]
[White "Cornel, Matei"]
[Black "Susla, Vitaliy"]
[Result "1/2-1/2"]
[WhiteElo "2367"]
[BlackElo "2311"]
[PlyCount "35"]
[EventDate "2020.04.02"]
[EventType "tourn (corr)"]
[EventRounds "6"]
[EventCountry "GER"]
[SourceTitle "Corr 2022"]
[Source "ChessBase"]
[SourceDate "2021.10.24"]
[SourceVersion "1"]
[SourceVersionDate "2021.10.24"]
[SourceQuality "1"]

1. Nf3 d5 2. c4 d4 3. b4 Nf6 4. g3 c6 5. a3 a5 6. Bb2 c5 7. Bg2 Qb6 8. 0-0 axb4 9. axb4 Rxa1 10. Bxa1 Qxb4 11. e3 e6 12. exd4 Qxc4 13. Na3 Qb4 14. Nc2 Qa5 15. Ne5 cxd4 16. Bxd4 Be7 17. Ne3 0-0 18. Qc2 1/2-1/2

[Event "ST-2020-0-00145"]
[Site "LSS email"]
[Date "2020.04.30"]
[Round "?"]
[White "Szczepanski, Zbigniew"]
[Black "Cornel, Matei"]
[Result "1-0"]
[WhiteElo "2422"]
[BlackElo "2367"]
[PlyCount "57"]
[EventDate "2020.04.02"]
[EventType "tourn (corr)"]
[EventRounds "6"]
[EventCountry "GER"]
[SourceTitle "Corr 2022"]
[Source "ChessBase"]
[SourceDate "2021.10.24"]
[SourceVersion "1"]
[SourceVersionDate "2021.10.24"]
[SourceQuality "1"]

1. d4 d5 2. c4 c6 3. cxd5 cxd5 4. Bf4 Nc6 5. Nc3 Nf6 6. e3 a6 7. Be2 Bf5 8. Nf3 e6 9. Qb3 Bd6 10. Bxd6 Qxd6 11. Qxb7 0-0 12. Qb3 Rfb8 13. Qa3 Qxa3 14. bxa3 Rb2 15. Na4 Rb1+ 16. Rxb1 Bxb1 17. Nc3 Bf5 18. Kd2 Ne4+ 19. Nxe4 Bxe4 20. Rc1 Bxf3 21. gxf3 Ne7 22. Rc5 f5 23. Ra5 Nc6 24. Rxa6 Rxa6 25. Bxa6 Kf7 26. Kc3 Ke7 27. f4 Kd6 28. a4 h6 29. Bb5 1-0

[Event "ST-2020-0-00141"]
[Site "LSS email"]
[Date "2020.03.27"]
[Round "?"]
[White "Cornel, Matei"]
[Black "Mueller Alves, Martin"]
[Result "1/2-1/2"]
[WhiteElo "2371"]
[BlackElo "2402"]
[PlyCount "53"]
[EventDate "2020.02.12"]
[EventType "tourn (corr)"]
[EventRounds "6"]
[EventCountry "GER"]
[SourceTitle "Corr 2022"]
[Source "ChessBase"]
[SourceDate "2021.10.24"]
[SourceVersion "1"]
[SourceVersionDate "2021.10.24"]
[SourceQuality "1"]

1. d4 Nf6 2. c4 e6 3. Nf3 d5 4. Nc3 c6 5. Bg5 h6 6. Bh4 dxc4 7. e4 g5 8. Bg3 b5 9. h4 g4 10. Ne5 Nbd7 11. Be2 Bb7 12. Nxd7 Qxd7 13. Be5 Qe7 14. 0-0 Rg8 15. b3 Bg7 16. Qc2 Nh5 17. Bxg7 Rxg7 18. g3 Qd6 19. e5 Qxd4 20. Rad1 Qxe5 21. Ne4 Kf8 22. Rfe1 c5 23. Bxc4 bxc4 24. Nd6 Qf6 25. Nxb7 Qf3 26. Qd2 Qxb7 27. Qxh6 1/2-1/2

[Event "ST-2020-0-00139"]
[Site "LSS email"]
[Date "2020.03.09"]
[Round "?"]
[White "Marciz, Alexander"]
[Black "Cornel, Matei"]
[Result "1-0"]
[WhiteElo "2399"]
[BlackElo "2378"]
[PlyCount "81"]
[EventDate "2020.02.02"]
[EventType "tourn (corr)"]
[EventRounds "6"]
[EventCountry "GER"]
[SourceTitle "Corr 2022"]
[Source "ChessBase"]
[SourceDate "2021.10.24"]
[SourceVersion "1"]
[SourceVersionDate "2021.10.24"]
[SourceQuality "1"]

1. Nf3 d5 2. c4 d4 3. b4 f6 4. a3 a5 5. b5 e5 6. d3 Ne7 7. e3 Nf5 8. g4 Ne7 9. Rg1 Ng6 10. h4 Bc5 11. h5 Nf8 12. exd4 exd4 13. Nh4 g5 14. Nf5 Ne6 15. Bg2 0-0 16. Nd2 Kh8 17. Kf1 a4 18. Rb1 Ng7 19. Nxg7 Kxg7 20. Ne4 Nd7 21. f4 Kh8 22. Qe2 Qe7 23. Bb2 Bxa3 24. Bxd4 Bd6 25. Nxd6 Qxd6 26. Qf2 a3 27. fxg5 Ne5 28. Bd5 Be6 29. Bc5 Qd7 30. Bxf8 Rxf8 31. Qc5 Kg7 32. h6+ Kg8 33. Ke2 fxg5 34. Ra1 Re8 35. Qd4 Qd6 36. Bxe6+ Rxe6 37. Qxd6 Rxd6 38. Rxa3 Rxh6 39. Ra8+ Kg7 40. Re8 Ng6 41. Rf1 1-0

[Event "ST-2020-0-00139"]
[Site "LSS email"]
[Date "2020.03.09"]
[Round "?"]
[White "Pascual Perez, Norge"]
[Black "Cornel, Matei"]
[Result "1/2-1/2"]
[WhiteElo "2451"]
[BlackElo "2378"]
[PlyCount "71"]
[EventDate "2020.02.02"]
[EventType "tourn (corr)"]
[EventRounds "6"]
[EventCountry "GER"]
[SourceTitle "Corr 2022"]
[Source "ChessBase"]
[SourceDate "2021.10.24"]
[SourceVersion "1"]
[SourceVersionDate "2021.10.24"]
[SourceQuality "1"]

1. d4 d5 2. c4 c6 3. Nf3 Nf6 4. Nc3 e6 5. Bg5 dxc4 6. a4 Bb4 7. e4 Bxc3+ 8. bxc3 Qa5 9. e5 Ne4 10. Bd2 Nxd2 11. Qxd2 c5 12. Bxc4 cxd4 13. cxd4 Nc6 14. Ke2 Qxd2+ 15. Kxd2 Bd7 16. Rhc1 Ke7 17. Ke3 Rac8 18. a5 Rc7 19. Bd3 Rhc8 20. Rcb1 Kf8 21. Be4 h6 22. g4 Rb8 23. Ne1 Ne7 24. f3 Bc6 25. Rc1 Rbc8 26. Nd3 g5 27. Rab1 Bxe4 28. fxe4 Rxc1 29. Nxc1 Nc6 30. Nb3 a6 31. Rc1 Rd8 32. Rc4 Ke7 33. Ra4 Rc8 34. Nd2 Rc7 35. h3 Rd7 36. Nf3 1/2-1/2

[Event "RM-2019-0-00189"]
[Site "LSS email"]
[Date "2019.12.11"]
[Round "?"]
[White "Boehme, Sebastian"]
[Black "Cornel, Matei"]
[Result "1-0"]
[WhiteElo "2485"]
[BlackElo "2403"]
[PlyCount "112"]
[EventDate "2019.02.08"]
[EventType "tourn (corr)"]
[EventRounds "6"]
[EventCountry "GER"]
[SourceTitle "Corr 2022"]
[Source "ChessBase"]
[SourceDate "2021.10.24"]
[SourceVersion "1"]
[SourceVersionDate "2021.10.24"]
[SourceQuality "1"]

1. d4 d5 2. c4 c6 3. Nf3 Nf6 4. e3 Bf5 5. Nc3 e6 6. Nh4 Be4 7. f3 Bg6 8. Qb3 Qc7 9. Bd2 Be7 10. g3 0-0 11. g4 dxc4 12. Bxc4 a5 13. Nxg6 hxg6 14. g5 Nd5 15. f4 a4 16. Qc2 a3 17. b3 Rc8 18. h4 Bb4 19. h5 Bxc3 20. Bxc3 Nxe3 21. Qe2 Nxc4 22. bxc4 Qxf4 23. hxg6 Qg3+ 24. Kd2 Qxg5+ 25. Kc2 Qxg6+ 26. Kb3 Ra6 27. Rag1 Rb6+ 28. Bb4 Qf5 29. Rh5 Qf6 30. Rf1 Qe7 31. c5 Rxb4+ 32. Kxb4 f5 33. Rhxf5 Nd7 34. Kxa3 Re8 35. R5f4 Qg5 36. Kb2 Qd5 37. Rg1 Re7 38. Rh4 Rf7 39. Qh2 Rf5 40. Rhg4 Rf7 41. Qg3 Kh8 42. Ka1 Qc4 43. Rd1 Nf8 44. d5 Qc2 45. Rg1 Qxc5 46. Rh1+ Kg8 47. Qh3 Rf5 48. Qh8+ Kf7 49. Rxg7+ Ke8 50. Rxb7 Rxd5 51. Rf1 Rf5 52. Rb8+ Kf7 53. Rfb1 Qe5+ 54. Qxe5 Rxe5 55. Rf1+ Rf5 56. Rxf5+ exf5 1-0

[Event "RM-2019-0-00189"]
[Site "LSS email"]
[Date "2019.12.06"]
[Round "?"]
[White "Cornel, Matei"]
[Black "Wosch, Arkadiusz Janusz"]
[Result "1/2-1/2"]
[WhiteElo "2403"]
[BlackElo "2397"]
[PlyCount "78"]
[EventDate "2019.02.08"]
[EventType "tourn (corr)"]
[EventRounds "6"]
[EventCountry "GER"]
[SourceTitle "Corr 2022"]
[Source "ChessBase"]
[SourceDate "2021.10.24"]
[SourceVersion "1"]
[SourceVersionDate "2021.10.24"]
[SourceQuality "1"]

1. Nf3 Nf6 2. c4 g6 3. Nc3 Bg7 4. e4 d6 5. d4 0-0 6. Be2 e5 7. 0-0 Na6 8. Be3 Ng4 9. Bg5 Qe8 10. Nd5 f6 11. Bh4 c6 12. Nc3 Nh6 13. d5 Nf7 14. Nd2 f5 15. f3 f4 16. c5 Nxc5 17. Rc1 Kh8 18. Nc4 b5 19. b4 bxc4 20. bxc5 dxc5 21. Qd2 Rg8 22. Bxc4 g5 23. Bf2 Nd6 24. Be2 Bf8 25. dxc6 Qxc6 26. Nd5 Nf7 27. Qc3 Rb8 28. h3 Ba6 29. Bxa6 Qxa6 30. Bxc5 Rc8 31. Qb4 Bxc5+ 32. Rxc5 Rxc5 33. Qxc5 Rc8 34. Qb4 h5 35. Qb3 Kg7 36. Ne7 Rc7 37. Nf5+ Kf6 38. h4 gxh4 39. Nxh4 Qe6 1/2-1/2

[Event "WC-2019-S-00002"]
[Site "LSS email"]
[Date "2019.08.28"]
[Round "?"]
[White "Cornel, Matei"]
[Black "Perez, Brigiliano"]
[Result "1/2-1/2"]
[WhiteElo "2395"]
[BlackElo "2525"]
[PlyCount "39"]
[EventDate "2019.09.01"]
[EventType "tourn (corr)"]
[EventRounds "12"]
[EventCountry "GER"]
[SourceTitle "Corr 2024"]
[Source "ChessBase"]
[SourceDate "2023.10.19"]
[SourceVersion "1"]
[SourceVersionDate "2023.10.19"]
[SourceQuality "1"]

1. d4 Nf6 2. c4 g6 3. Nc3 d5 4. Nf3 Bg7 5. cxd5 Nxd5 6. e4 Nxc3 7. bxc3 c5 8. Be3 Qa5 9. Qd2 Nc6 10. Rb1 a6 11. Rc1 cxd4 12. cxd4 Qxd2+ 13. Kxd2 e6 14. Bd3 0-0 15. Rc5 Bd7 16. Rb1 b5 17. Rbc1 Rfc8 18. Ne5 Nxe5 19. dxe5 Rxc5 20. Rxc5 1/2-1/2

[Event "WC-2019-Q-00002"]
[Site "LSS email"]
[Date "2019.08.28"]
[Round "?"]
[White "Cornel, Matei"]
[Black "Sadowski, Marek"]
[Result "1/2-1/2"]
[WhiteElo "2395"]
[BlackElo "2297"]
[PlyCount "50"]
[EventDate "2019.09.01"]
[EventType "tourn (corr)"]
[EventRounds "10"]
[EventCountry "GER"]
[SourceTitle "Corr 2024"]
[Source "ChessBase"]
[SourceDate "2023.10.19"]
[SourceVersion "1"]
[SourceVersionDate "2023.10.19"]
[SourceQuality "1"]

1. d4 d5 2. c4 c6 3. Nf3 Nf6 4. Nc3 e6 5. e3 Nbd7 6. Qc2 Bd6 7. g4 h6 8. Rg1 e5 9. cxd5 cxd5 10. Bd2 e4 11. Nb5 Bb8 12. g5 exf3 13. gxf6 Nxf6 14. Bb4 g5 15. Rc1 Bd7 16. h3 a6 17. Nc7+ Qxc7 18. Qxc7 Bxc7 19. Rxc7 a5 20. Ba3 b5 21. Bc5 Ne4 22. Bd3 Rg8 23. h4 g4 24. Bxe4 dxe4 25. Bd6 Rg6 1/2-1/2